000 00689nam a2200205 i 4500
001 38213
003 ES-MaACL
005 20251129063049.0
007 t|
008 030224s1899 sp |||| | spa d
100 1 _aCalatraveño y Valladares, Fernando,
_d1851-1916
_9126284
245 1 3 _aLa peste bubónica /
_cDoctor Calatraveño.
260 _aMadrid :
_b[s.n.],
_c1899 (
_fImp. de R. González)
300 _a36 p. ;
_c11 cm.
596 _aEn port.: Impreso por acuerdo de la Asamblea Suprema de la Cruz Roja Española.
650 4 _aPeste.
_9136693
710 2 _aCruz Roja Española.
_bAsamblea Suprema.
_93325
852 _aES-MaACL
_jT-946-F-6
999 _c38213
_d38213